000 00470cam a2200193ua 4500
001 8531
005 20260515114339.0
008 150205n xxk |||gr||||Z||||||eng
040 _cMAIN
041 _aeng
082 _a410
100 _aRobins, R. H.,
_eAuthor.
245 1 _aGeneral linguistics :
_bIntroductory survey /
_cBy R. H. Robins .
250 _a1st.
260 _aLondon:
_bLongmans,
_c1965.
300 _axxx,390p.
653 _aLinguistics
942 _cBK
999 _c7626
_d7626